000 01319cam a22003617a 4500
003 CHAP
005 20220329142329.0
008 000727d2000 mx a r 00110 spa d
010 _a81860
011 _a82832
035 _a93337
040 _cCHAP
090 _aTesis
100 0 0 _aLópez Gutiérrez, Rigoberto Roquey.
_967957
245 1 0 _aProducción y rentabilidad del café (Coffea arabica Lin) en el Municipio de Jonotla, Puebla
_c/por Rigoberto Roquey López Gutiérrez
260 _aChapingo, Méx. :
_bEl autor,
_c2000.
300 _a73 h. : ilus. ; gráfs.
502 _aTesis (Ing. Agr. Esp. en Economía Agrícola) -- UACH. División de Ciencias Económico-Administrativas
590 _aALEPH
_b10
_c20130110
_lUCH01
_h1436
590 _aBATCH-UPD
_b10
_c20130110
_lUCH01
_h0520
590 _aBATCH-UPD
_b10
_c20130410
_lUCH01
_h0159
590 _aBATCH-UPD
_b10
_c20130914
_lUCH01
_h0812
590 _aCONVERSION
_b10
_c20130109
_lUCH01
_h1345
650 1 4 _aCafé
_xCostos de producción.
_917120
650 1 4 _aCafé
_xMercadeo.
_917169
650 1 4 _aCafé
_xRendimiento.
_917196
650 1 4 _aCafé
_zPuebla.
_917214
901 _aBK
905 _aBlanca M. García O.
942 _cFOLL
949 _bBC
_cTES
_d33724000782017
_eTS2
_fc.2
_h36918
_i93337
_si
949 _bBC
_cTES
_d933371
_eTS1
_h36917
_i93337
_sb
999 _c81860
_d81860